Windows security technology [ technology for operating systems

This is a well written handbook of windows security technology

Bibliographic Details
Main Author: Harp, Myung (Author)
Format: Book
Language:English
Published: New York : The English Press , 2014
Subjects:
Online Access:World Technologies

MARC

LEADER 00000cam a2200000 7i4500
001 0000087721
005 20160309093000.0
008 141113s2014 nyu eng
020 |a 8132347323 (ebook) 
020 |a 9781283508896 (ebook) 
020 |a 9788132347323 (ebook) 
050 0 0 |a QA76.9.A25   |b H37 2014 
090 0 0 |a QA76.9.A25   |b H37 2014 
100 1 |a Harp, Myung ,   |e author 
245 1 0 |a Windows security technology [  |h electronic resource] :   |b technology for operating systems   |c Myung Harp 
260 |a New York :   |b The English Press ,   |c 2014 
300 |a 1 online resource (89 p.) :   |b ill.col. 
505 0 |a 1. Access token and Bitlocker drive encryption -- 2. Code access security and Cryptgenrandom -- 3. Microsoft CryptoAPI and data protection API -- 4. Data execution prevention and encrypting file system -- 5. Windows firewall -- 6. Kernel patch protection and LM hash -- 7. Mandatory integrity control and windows action center -- 8. NTLM and rights management services -- 9. Security identifier and security support provider interface -- 10. Security and safety features new to windows vista -- 11. User account control and windows defender 
520 |a This is a well written handbook of windows security technology 
650 0 |a Computer security 
650 0 |a Windows (Computer programs) 
856 4 |3 World Technologies   |u http://ebooks.wtbooks.com/BookStore/search.do?searchTerm=9781283508896&optionValue=2&home=true&serachResultFilterOptions=B%2CA%2CJ%2CE&saveSearchParameters=true 
999 |a 1000162601   |b Electronic Book   |c Electronic Resource   |e Gong Badak Campus